| 000 | 01878nam0a2200373 4500 | ||
|---|---|---|---|
| 001 | RU\NLR\bibl\581169 | ||
| 005 | 20260406031050.0 | ||
| 010 |
_a5-9285-0396-2 _910000 |
||
| 021 |
_aRU _b2004-32576 _91637 |
||
| 035 | _aRSL-KNO-002439592 | ||
| 035 | _a(NLR Aleph) 000573167 | ||
| 090 |
_a1605444 _c1605444 |
||
| 100 | _a20040603d2004 |||y0rusy50 ca | ||
| 101 | 0 | _arus | |
| 102 | _aRU | ||
| 105 | _aa ||||||||| | ||
| 106 | _ar | ||
| 200 | 1 |
_aКлуб эрудитов _e525 вопр. для интеллектуал. игр _fМихаил Нянковский |
|
| 210 |
_aЯрославль _cАкад. развития _cАкад. Холдинг _d2004 _eГУП ИПК Ульян. Дом печати |
||
| 215 |
_a160 с. _cил. _d20 |
||
| 225 | 1 | _aПосле уроков | |
| 320 | _aБиблиогр.: с. 160 | ||
| 606 | 0 |
_aИгры интеллектуальные _92083159 _3RU\NLR\auth\661259208 |
|
| 610 | 0 | _aКультура. Наука. Просвещение -- Народное образование. Педагогические науки -- Общеобразовательная школа. Школьная педагогика -- Школьная педагогика -- Российская Федерация -- Воспитание -- Внеучебная работа -- Методы, формы и средства внеучебной работы -- Клубы по интересам. Любительские объединения | |
| 686 |
_aЧ421,6(2)382.74,0 _2rubbk |
||
| 686 | _aЧ421.382.59 | ||
| 700 | 1 |
_4070 _8rus _7ca _aНянковский _bМ. А. _f1962- _gМихаил Александрович _3RU\NLR\auth\771211 _9111240 |
|
| 801 | 0 |
_aRU _bRuMoRKP _c20040603 _grcr |
|
| 801 | 1 |
_aRU _bRuMoRGB _c20040603 |
|
| 801 | 2 |
_aRU _bNLR _c20041207 _gPSBO |
|
| 830 | _aавт. по кн. | ||
| 942 | _cBOOK | ||
| 980 | _aNB | ||